000 00476nam a2200169Ia 4500
008 090711s9999 xx 000 0 und d
082 _b40875
100 _aवर्टी अनंत वा.
245 _aपतिव्रता
260 _c1979
300 _a148
600 _aवर्टी अनंत वा.
630 _aपतिव्रता
700 _aवर्टी अनंत वा.
730 _aपतिव्रता
942 _cBOOK
999 _c298543
_d298543